00297nam a2200121Ia 4500008004100000041000800041082001200049100001700061245001800078260003700096300003100133365001100164240624s9999 xx 000 0 und d aeng a823 SHE aSHELLEY MARY aFRANKENSSTEIN c2007aNew DelhibPearson Longman axlv, : 308 : p. : cm. ; 19 cRSb29